| 000 | 00419nam a22001697a 4500 | ||
|---|---|---|---|
| 003 | CEME | ||
| 005 | 20210628203245.0 | ||
| 008 | 210203b xxu||||| |||| 00| 0 eng d | ||
| 020 | _a0792373677 | ||
| 040 | _c. | ||
| 082 | _a005.35133 TIL | ||
| 100 |
_aTiller, Michael _964338 |
||
| 245 | _aIntroduction to physical modeling with modelica | ||
| 260 |
_aUSA _bKLUWER _c2001 |
||
| 300 | _aXXII, 344P | ||
| 942 |
_cBK _2ddc |
||
| 999 |
_c572863 _d572863 |
||